Quick Pick: Songs With Nothing In Common Quiz Stats

 Plays Quiz Updated Jul 1, 2018

Challenge
Share
Tweet
Embed
Score 0/9 Timer 01:00
8 Plays Today
% Correct
Stop
98.2%
Compares
96.3%
Ain't
96%
Real
95.6%
Have
94%
Sweet
90.1%
Money
88.7%
From
87.6%
Love
85.7%

Today's Daily Dose

You're not logged in!

Compare scores with friends on all Sporcle quizzes.
Join for Free
OR
Log In

You Might Also Like...

Show Comments

Extras

Top Quizzes Today


Score Distribution

Your Account Isn't Verified!

In order to create a playlist on Sporcle, you need to verify the email address you used during registration. Go to your Sporcle Settings to finish the process.

Report this User

Report this user for behavior that violates our Community Guidelines.

Details: